Guía para el manejo, cría y conservación de la hicotea o jicotea : (Registro nro. 5481)

Detalles MARC
000 -CABECERA
Campo de control 01261cam a2200313 I 4500
005 - FECHA Y HORA DE LA ULTIMA TRANSACCION
Campo de control 20191224041806.0
008 - ELEMENTOS DE LONGITUD FIJA—INFORMACION GENERAL
Campo de control 990405s1999 ck a r 00010 spa d
015 ## - NATIONAL BIBLIOGRAPHY NUMBER
National bibliography number ck-1999-xxxx
020 ## - ISBN
ISBN 9589089518
040 ## - FUENTE DE CATALOGACIÓN
Agencia catalogadora original la
Agencia transcriptora la
Agencia Modificadora CO-BoIAVH
041 0# - IDIOMA
Código de idioma para texto/pista de sonido o título separado Español
082 04 - NUMERO DE CLASIFICACION DECIMAL DEWEY
Número de clasificación 639.392
Número del ítem O84g
100 1# - ASIENTO PRINCIPAL--NOMBRE PERSONAL
Nombre personal Ossa Velásquez, Jaime L. de La
9 (RLIN) 21676
245 10 - MENCION DE TITULO
Título Guía para el manejo, cría y conservación de la hicotea o jicotea :
Parte restante del título trachemys scripta callirostris (Gray) /
Mención de responsabilidad Jaime L. de la Ossa Velazquez & Ricardo Riaño Silva ; ilustraciones Juan Alberto Conde.
250 ## - MENCION DE EDICION
Mención de edición Edición Henry Yesid Bernal y Claudia Vallejo Londoño.
260 ## - PUBLICACION, DISTRIBUCION, ETC. (PIE DE IMPRENTA)
Lugar de publicación, distribución, etc. Bogotá :
Nombre del editor, distribuidor, etc. Convenio Andrés Bello,
Fecha de publicación, distribución, etc. 1999.
300 ## - DESCRIPCION FISICA
Extensión 40 páginas :
Otros detalles físicos ilustraciones ;
Dimensiones 27 cm.
500 ## - NOTA GENERAL
Nota general Título tomado de la caratula.
504 ## - NOTA DE BIBLIOGRAFIA, ETC.
Nota de bibliografía Incluye referencias bibliográficas e índice.
650 14 - ASIENTO SECUNDARIO DE MATERIA - TERMINO TEMATICO
Término temático o nombre geográfico como elemento de entrada Cría de tortugas.
Subdivisión de forma Guías
9 (RLIN) 48096
650 24 - ASIENTO SECUNDARIO DE MATERIA - TERMINO TEMATICO
Término temático o nombre geográfico como elemento de entrada Cía de repties.
Subdivisión de forma Guías
9 (RLIN) 48097
650 24 - ASIENTO SECUNDARIO DE MATERIA - TERMINO TEMATICO
Término temático o nombre geográfico como elemento de entrada Tortugas
Subdivisión general Agricultura
9 (RLIN) 48098
700 1# - ASIENTO SECUNDARIO - NOMBRE PERSONAL
Nombre personal Riaño Silva, Ricardo
Término de relación autor
9 (RLIN) 47930
700 1# - ASIENTO SECUNDARIO - NOMBRE PERSONAL
Nombre personal Conde, Juan Alberto
Término de relación ilustrador
9 (RLIN) 47931
700 1# - ASIENTO SECUNDARIO - NOMBRE PERSONAL
Nombre personal Bernal, Henry Yesid,
Término de relación editor
9 (RLIN) 2123
700 1# - ASIENTO SECUNDARIO - NOMBRE PERSONAL
Nombre personal Vallejo Londoño, Claudia,
Término de relación editora
9 (RLIN) 21941
942 ## - ELEMENTOS ADICIONALES (KOHA)
Sistema de clasificación Dewey Decimal Classification
Tipo de ítem Libro
949 ## - LOCAL PROCESSING INFORMATION (OCLC)
a c
b n
Existencias
Withdrawn status Lost status Sistema de Clasificación Damaged status No para préstamo Colección Inventariado Ubicación Permanente Ubicación actual Fecha de adquisición Valor Total Checkouts Número topográfico Inventario / Código de Barras Date last seen Ejemplar Price effective from Forma de adquisición Tipo de material
    Dewey Decimal Classification     General Inventariado 2017 Bogotá Bogotá 27/04/2007 39000.00   LB-639.392 O84g 024004 04/12/2012 Ej.1 04/12/2012 Canje Libro